Sonic the Hedgehog Levels - Statistics

General Stats
  • This quiz has been taken 135 times
    129 since last reset
  • The average score is 74 of 343
Answer Stats
Hint Answer % Correct
Sonic the Hedgehog (16-Bit) / Sonic the Hedgehog (8-Bit) / Sonic Blast / Sonic Adventure 2 / Sonic Generations / Sonic Generations (3DS) / Sonic Mania / Sonic Forces Green Hill Zone
100%
Sonic the Hedgehog 2 (16-Bit) / Sonic Generations / Sonic Mania / Sonic Forces Chemical Plant Zone
79%
Sonic the Hedgehog 2 (16-Bit) Emerald Hill Zone
79%
Sonic the Hedgehog (16-Bit) Marble Zone
77%
Sonic the Hedgehog 2 (16-Bit) / Sonic Generations (3DS) Casino Night Zone
71%
Sonic Adventure 2 / Sonic Generations City Escape
71%
Sonic the Hedgehog 2 (16-Bit) / Sonic & Knuckles / Sonic Forces Death Egg Zone
71%
Sonic the Hedgehog (16-Bit) / Sonic the Hedgehog (8-Bit) Labyrinth Zone
71%
Sonic & Knuckles / Sonic Generations (3DS) Mushroom Hill Zone
70%
Sonic & Knuckles / Sonic Generations Sky Sanctuary Zone
68%
Sonic the Hedgehog (16-Bit) Star Light Zone
68%
Sonic the Hedgehog 3 / Sonic Advance / Sonic Mania Angel Island Zone
66%
Sonic CD / Sonic Mania Stardust Speedway
66%
Sonic the Hedgehog 3 / Sonic Mania Hydrocity Zone
64%
Sonic the Hedgehog (16-Bit) / Sonic the Hedgehog (8-Bit) Scrap Brain Zone
64%
Sonic the Hedgehog (16-Bit) Spring Yard Zone
64%
Sonic & Knuckles / Sonic Mania Flying Battery Zone
61%
Sonic the Hedgehog 3 / Sonic Adventure IceCap Zone
61%
Sonic CD Palmtree Panic
61%
Sonic & Knuckles / Sonic Mania Lava Reef Zone
59%
Sonic the Hedgehog 2 (16-Bit) Metropolis Zone
59%
Sonic Adventure 2 / Sonic Generations (3DS) / Sonic X Shadow Generations Radical Highway
59%
Sonic the Hedgehog 2 (16-Bit) Aquatic Ruin Zone
57%
Sonic & Knuckles / Sonic the Hedgehog 2 (2013) Hidden Palace Zone
57%
Sonic CD / Sonic Mania Metallic Madness
57%
Sonic the Hedgehog 2 (16-Bit) / Sonic Mania Oil Ocean Zone
57%
Sonic Adventure / Sonic Generations Speed Highway
57%
Sonic the Hedgehog 3 Carnival Night Zone
55%
Sonic CD Collision Chaos
55%
Sonic the Hedgehog (2006) / Sonic Generations Crisis City
55%
Sonic Adventure / Sonic Generations (3DS) Emerald Coast
55%
Sonic the Hedgehog (16-Bit) Final Zone
55%
Sonic the Hedgehog 2 (16-Bit) Mystic Cave Zone
55%
Sonic Colors / Sonic Generations Planet Wisp
55%
Sonic Heroes / Sonic X Shadow Generations Rail Canyon
55%
Sonic Unleashed / Sonic Generations Rooftop Run
55%
Sonic Heroes / Sonic Generations Seaside Hill
55%
Sonic the Hedgehog 2 (16-Bit) Hill Top Zone
54%
Sonic the Hedgehog (2006) / Sonic X Shadow Generations Kingdom Valley
54%
Sonic CD Wacky Workbench
54%
Sonic the Hedgehog 3 Marble Garden Zone
52%
Sonic & Knuckles The Doomsday Zone
52%
Sonic CD Tidal Tempest
52%
Sonic the Hedgehog 3 Launch Base Zone
50%
Sonic the Hedgehog 2 (16-Bit) / Sonic the Hedgehog Pocket Adventure Sky Chase Zone
50%
Sonic CD Quartz Quadrant
48%
Sonic & Knuckles Sandopolis Zone
48%
Sonic Adventure 2 Pumpkin Hill
46%
Sonic Forces / Sonic X Shadow Generations Sunset Heights
46%
Sonic Adventure Casinopolis
45%
Sonic the Hedgehog 2 (16-Bit) Wing Fortress Zone
45%
Shadow the Hedgehog Westopolis
43%
Sonic Lost World Windy Hill
43%
Sonic Frontiers / Sonic X Shadow Generations Chaos Island
41%
Sonic Adventure 2 Metal Harbor
41%
Sonic Mania Studiopolis Zone
41%
Sonic the Hedgehog (2006) Wave Ocean
41%
Sonic Adventure 2 Green Forest
39%
Sonic Heroes Ocean Palace
39%
Sonic Rush / Sonic Generations (3DS) Water Palace
39%
Sonic Adventure Windy Valley
39%
Sonic the Hedgehog (8-Bit) Bridge Zone
38%
Sonic Adventure 2 Final Rush
38%
Sonic Heroes Frog Forest
38%
Sonic Heroes Grand Metropolis
38%
Sonic Mania Press Garden Zone
38%
Sonic Heroes Bullet Station
36%
Sonic Unleashed Eggmanland
36%
Sonic Adventure Final Egg
36%
Sonic Adventure Lost World
36%
Sonic Adventure Red Mountain
36%
Sonic Colors / Sonic Generations (3DS) Tropical Resort
36%
Sonic Adventure Twinkle Park
36%
Sonic Unleashed Windmill Isle
36%
Sonic Heroes BINGO Highway
34%
Sonic Heroes Egg Fleet
34%
Sonic Mania Titanic Monarch Zone
34%
Sonic Heroes Casino Park
32%
Sonic Adventure 2 Final Chase
32%
Sonic 3D Blast Green Grove Zone
32%
Sonic the Hedgehog 2 (8-Bit) Green Hills Zone
32%
Sonic Heroes Hang Castle
32%
Sonic Frontiers Kronos Island
32%
Sonic Adventure 2 Meteor Herd
32%
Sonic Mania Mirage Saloon Zone
32%
Sonic Heroes Mystic Mansion
32%
Sonic Heroes Power Plant
32%
Sonic the Hedgehog 4: Episode I Splash Hill Zone
32%
Sonic Adventure 2 White Jungle
32%
Sonic the Hedgehog (2006) Aquatic Base
30%
Sonic Adventure Hot Shelter
30%
Sonic Adventure Sky Deck
30%
Sonic Adventure 2 Crazy Gadget
29%
Sonic Unleashed Dragon Road
29%
Sonic Advance Neo Green Hill Zone
29%
Sonic X Shadow Generations Space Colony ARK
29%
Sonic the Hedgehog 2 (8-Bit) Under Ground Zone
29%
Sonic Adventure 2 Aquatic Mine
27%
Sonic 3D Blast Diamond Dust Zone
27%
Sonic Heroes Final Fortress
27%
Sonic the Hedgehog (2006) Radical Train
27%
Sonic Adventure 2 Sky Rail
27%
Sonic Colors Starlight Carnival
27%
Sonic the Hedgehog (2006) White Acropolis
27%
Sonic Colors Aquarium Park
25%
Sonic Unleashed Arid Sands
25%
Sonic Colors Asteroid Coaster
25%
Sonic Unleashed Cool Edge
25%
Sonic Adventure 2 Death Chamber
25%
Sonic the Hedgehog (8-Bit) Jungle Zone
25%
Sonic Heroes Lost Jungle
25%
Sonic Adventure 2 Prison Lane
25%
Sonic Unleashed Savannah Citadel
25%
Sonic Colors Sweet Mountain
25%
Sonic Colors Terminal Velocity
25%
Sonic Chaos Turquoise Hill Zone
25%
Sonic Adventure 2 Wild Canyon
25%
Sonic Frontiers Ares Island
23%
Sonic Adventure 2 Egg Quarters
23%
Sonic Adventure 2 Iron Gate
23%
Sonic Forces Lost Valley
23%
Sonic Adventure 2 Mad Space
23%
Sonic Adventure 2 Mission Street
23%
Sonic 3D Blast Panic Puppet Zone
23%
Sonic Frontiers Rhea Island
23%
Sonic Advance 3 Route 99
23%
Sonic the Hedgehog 2 (8-Bit) Sky High Zone
23%
Sonic Unleashed Skyscraper Scamper
23%
Sonic Adventure 2 Cannon's Core
21%
Sonic the Hedgehog (2006) Flame Core
21%
Sonic Adventure 2 Hidden Base
21%
Sonic Unleashed Jungle Joyride
21%
Sonic the Hedgehog 4: Episode I Lost Labyrinth Zone
21%
Sonic 3D Blast Rusty Ruin Zone
21%
Sonic Adventure 2 Sand Ocean
21%
Shadow the Hedgehog The ARK
21%
Sonic X Shadow Generations Tokyo
21%
Sonic Adventure 2 Dry Lagoon
20%
Sonic the Hedgehog (2006) Dusty Desert
20%
Sonic Superstars Egg Fortress Zone
20%
Sonic Mania Egg Reverie Zone
20%
Sonic Adventure 2 Eternal Engine
20%
Sonic Adventure 2 Lost Colony
20%
Sonic the Hedgehog 4: Episode I Mad Gear Zone
20%
Sonic Frontiers Ouranos Island
20%
Sonic Adventure 2 Pyramid Cave
20%
Sonic Adventure 2 Security Hall
20%
Sonic the Hedgehog (8-Bit) Sky Base Zone
20%
Sonic Advance 3 Sunset Hill
20%
Shadow the Hedgehog The Doom
20%
Sonic 3D Blast Volcano Valley Zone
20%
Sonic the Hedgehog 2 (8-Bit) Aqua Lake Zone
18%
Sonic Superstars Bridge Island Zone
18%
Sonic Adventure 2 Cosmic Wall
18%
Sonic the Hedgehog (2006) End of the World
18%
Sonic Chaos Mecha Green Hill Zone
18%
Shadow the Hedgehog Prison Island
18%
Sonic Adventure 2 Route 101
18%
Sonic the Hedgehog 2 (8-Bit) Scrambled Egg Zone
18%
Sonic the Hedgehog (2006) Tropical Jungle
18%
Sonic Adventure 2 Weapons Bed
18%
Sonic the Hedgehog 2 (8-Bit) Crystal Egg Zone
16%
Sonic 3D Blast Gene Gadget Zone
16%
Sonic the Hedgehog 2 (8-Bit) Gimmick Mountain Zone
16%
Sonic the Hedgehog Triple Trouble Robotnik Winter Zone
16%
Sonic the Hedgehog Triple Trouble Sunset Park Zone
16%
Sonic the Hedgehog 4: Episode II Sylvania Castle Zone
16%
Sonic and the Black Knight Camelot Castle
14%
Shadow the Hedgehog Digital Circuit
14%
Sonic Forces Egg Gate
14%
Sonic Forces Ghost Town
14%
Sonic the Hedgehog Triple Trouble Great Turquoise Zone
14%
Sonic Advance 2 Music Plant
14%
Sonic Advance Secret Base Zone
14%
Shadow the Hedgehog Sky Troops
14%
Sonic Superstars Speed Jungle Zone
14%
Sonic 3D Blast Spring Stadium Zone
14%
Sonic Forces Aqua Road
13%
Shadow the Hedgehog Black Comet
13%
Sonic Blast Blue Marine Zone
13%
Shadow the Hedgehog Central City
13%
Sonic Superstars Cyber Station Zone
13%
Sonic the Hedgehog Triple Trouble Meta Junglira Zone
13%
Sonic Forces Metropolitan Highway
13%
Sonic and the Black Knight Misty Lake
13%
Sonic the Hedgehog Pocket Adventure Neo South Island Zone
13%
Sonic the Hedgehog 4: Episode II Oil Desert Zone
13%
Sonic Superstars Pinball Carnival Zone
13%
Sonic and the Secret Rings Sand Oasis
13%
Sonic 3D Blast The Final Fight
13%
Sonic Blast Yellow Desert Zone
13%
Knuckles' Chaotix Botanic Base
11%
Sonic the Hedgehog 4: Episode I Casino Street Zone
11%
Shadow the Hedgehog Cosmic Fall
11%
Sonic and the Secret Rings Dinosaur Jungle
11%
Sonic and the Black Knight Dragon's Lair
11%
Sonic the Hedgehog 4: Episode I E.G.G. Station Zone
11%
Sonic Lost World Frozen Factory
11%
Shadow the Hedgehog Glyphic Canyon
11%
Knuckles' Chaotix Isolated Island
11%
Sonic Advance 2 Leaf Forest
11%
Sonic Rush Leaf Storm
11%
Shadow the Hedgehog Lost Impact
11%
Sonic Forces Luminous Forest
11%
Shadow the Hedgehog Mad Matrix
11%
Sonic Forces Mortar Canyon
11%
Sonic Forces Null Space
11%
Sonic Forces Park Avenue
11%
Sonic Rush Adventure Plant Kingdom
11%
Sonic Superstars Press Factory Zone
11%
Sonic Blast Red Volcano Zone
11%
Sonic Adventure 2 Route 280
11%
Sonic Superstars Sand Sanctuary Zone
11%
Sonic Rush Adventure Sky Babylon
11%
Sonic Advance The Moon Zone
11%
Sonic the Hedgehog Triple Trouble Tidal Plant Zone
11%
Sonic Advance X-Zone
11%
Sonic Chaos Aqua Planet Zone
9%
Sonic the Hedgehog Pocket Adventure Aquatic Relix Zone
9%
Sonic Forces Arsenal Pyramid
9%
Sonic the Hedgehog Triple Trouble Atomic Destroyer Zone
9%
Sonic Forces Casino Forest
9%
Sonic Rush Adventure Coral Cave
9%
Sonic the Hedgehog Pocket Adventure Cosmic Casino Zone
9%
Sonic Advance 3 Cyber Track
9%
Sonic and the Black Knight Deep Woods
9%
Sonic Lost World Desert Ruins
9%
Sonic Chaos Electric Egg Zone
9%
Shadow the Hedgehog Final Haunt
9%
Sonic Superstars Frozen Base Zone
9%
Sonic Chaos Gigalopolis Zone
9%
Sonic Superstars Golden Capital Zone
9%
Sonic and the Black Knight Great Megalith
9%
Sonic Superstars Lagoon City Zone
9%
Shadow the Hedgehog Lethal Highway
9%
Knuckles' Chaotix Marina Madness
9%
Sonic and the Black Knight Shrouded Forest
9%
Sonic Blast Silver Castle Zone
9%
Sonic Chaos Sleeping Egg Zone
9%
Sonic Forces Spaceport
9%
Sonic the Hedgehog 4: Episode II White Park Zone
9%
Shadow the Hedgehog Air Fleet
7%
Sonic Rush Altitude Limit
7%
Knuckles' Chaotix Amazing Arena
7%
Sonic Rush Adventure Blizzard Peaks
7%
Sonic Advance 3 Chaos Angel
7%
Shadow the Hedgehog Cryptic Castle
7%
Sonic Rush Dead Line
7%
Sonic Advance Egg Rocket Zone
7%
Sonic and the Secret Rings Evil Foundry
7%
Sonic the Hedgehog Pocket Adventure Gigantic Angel Zone
7%
Shadow the Hedgehog GUN Fortress
7%
Sonic Advance Ice Mountain Zone
7%
Sonic Advance 2 Ice Paradise
7%
Shadow the Hedgehog Iron Jungle
7%
Sonic the Hedgehog Pocket Adventure Last Utopia Zone
7%
Shadow the Hedgehog Lava Shelter
7%
Sonic and the Black Knight Molten Mine
7%
Sonic Rush Night Carnival
7%
Sonic and the Secret Rings Pirate Storm
7%
Sonic Forces Prison Hall
7%
Sonic Heroes Sea Gate
7%
Sonic the Hedgehog Pocket Adventure Secret Plant Zone
7%
Sonic the Hedgehog 4: Episode II Sky Fortress Zone
7%
Sonic Superstars Sky Temple Zone
7%
Shadow the Hedgehog Space Gadget
7%
Knuckles' Chaotix Speed Slider
7%
Knuckles' Chaotix Techno Tower
7%
Shadow the Hedgehog The Last Way
7%
Sonic and the Black Knight Titanic Plain
7%
Sonic Advance 3 Twinkle Snow
7%
Sonic the Hedgehog Pocket Adventure Aerobase Zone
5%
Sonic Forces Capital City
5%
Shadow the Hedgehog Circus Park
5%
Sonic and the Black Knight Crystal Cave
5%
Sonic the Hedgehog 4: Episode II Death Egg mk.II Zone
5%
Shadow the Hedgehog Death Ruins
5%
Sonic Forces Enemy Territory
5%
Sonic and the Black Knight Faraway Avalon
5%
Sonic Forces Final Judgement
5%
Sonic Rush Adventure Haunted Ship
5%
Sonic Advance 2 Hot Crater
5%
Sonic Forces Imperial Tower
5%
Sonic and the Black Knight Knight's Passage
5%
Sonic Lost World Lava Mountain
5%
Sonic and the Secret Rings Lost Prologue
5%
Sonic Rush Mirage Road
5%
Sonic Advance 3 Nonagression
5%
Sonic Advance 3 Ocean Base
5%
Sonic Rush Adventure Pirates' Island
5%
Sonic Forces Red Gate Bridge
5%
Sonic and the Black Knight The Cauldron
5%
Sonic Advance 3 Toy Kingdom
5%
Sonic Lost World Tropical Coast
5%
Sonic Forces VS. Death Egg Robot
5%
Sonic Advance 2 XX
5%
Sonic Advance 3 Altar Emerald
4%
Sonic the Hedgehog Pocket Adventure Chaotic Space Zone
4%
Sonic Rush Adventure Deep Core
4%
Sonic Forces Guardian Rock
4%
Sonic Rush Adventure Hidden Island
4%
Sonic Lost World Hidden World
4%
Sonic Rush Adventure Machine Labyrinth
4%
Sonic Forces Network Terminal
4%
Sonic and the Secret Rings Night Palace
4%
Sonic Lost World Silent Forest
4%
Sonic and the Secret Rings Skeleton Dome
4%
Sonic Lost World Sky Road
4%
Sonic Rush Unknown
4%
Sonic Forces Virtual Reality
4%
Sonic Forces VS. Infinite
4%
Sonic Forces VS. Zavok
4%
Sonic Lost World Yoshi's Island Zone
4%
Sonic Rush Adventure Big Swell
2%
Sonic Advance Casino Paradise Zone
2%
Sonic Advance Cosmic Angel Zone
2%
Sonic Advance 2 Egg Utopia
2%
Sonic Rush Exception
2%
Sonic Rush Huge Crisis
2%
Sonic Forces Iron Fortress
2%
Sonic Forces Laser Cannon
2%
Sonic and the Secret Rings Levitated Ruin
2%
Sonic Forces Plasma Cannon
2%
Sonic Advance 2 Techno Base
2%
Sonic Lost World The Legend of Zelda Zone
2%
Sonic Advance 2 True Arena 53
2%
Sonic Forces VS. Eggman
2%
Sonic Rush Adventure Whale Point
2%
Sonic Forces Bomb Block
0%
Sonic the Hedgehog 2 (2013) Boss Attack Zone
0%
Sonic and the Black Knight Dark Hallow
0%
Sonic Dream Team Dream Factory
0%
Sonic Forces Eggman's Facility
0%
Sonic Dream Team Ego City
0%
Sonic Forces Fire Cannon
0%
Sonic Forces Flying Pod
0%
Sonic Dream Team Nightmare Maze
0%
Sonic Lost World NiGHTMARE Zone
0%
Sonic the Hedgehog 2 (2013) Proto Palace Zone
0%
Sonic Forces Reverse Block
0%
Sonic Dream Team Scrambled Shores
0%
Sonic Dream Team Sweet Dreams
0%
Sonic Forces Vanish Panel
0%
No matching quizzes found
Score Distribution
Percent of People with Each Score
Percentile by Number Answered
Your Score History
You have not taken this quiz since the last reset